Fast Typing - Country to Continent - Statistics

General Stats
  • This quiz has been taken 2,582 times
  • The average score is 10 of 20
Answer Stats
Country Continent % Correct
France Europe
100%
Ghana Africa
94%
Germany Europe
94%
New Zealand Oceania
94%
Bolivia South America
89%
Indonesia Asia
88%
Samoa Oceania
76%
Belize North America
60%
Lithuania Europe
56%
Dominica North America
41%
Guinea-Bissau Africa
36%
Turkmenistan Asia
33%
Brazil South America
25%
South Africa Africa
20%
Ethiopia Africa
17%
Guyana South America
11%
Maldives Asia
10%
Kiribati Oceania
7%
Serbia Europe
6%
Panama North America
4%
No matching quizzes found
Score Distribution
Percent of People with Each Score
Percentile by Number Answered
Your Score History
You have not taken this quiz